[Event "Bundesliga 0102"]
[Site "Deutschland"]
[Date "2002.02.03"]
[Round "7.1"]
[White "Hracek, Zbynek"]
[Black "Van Mil, Johannes A J"]
[Result "1/2-1/2"]
[WhiteElo "2610"]
[BlackElo "2416"]
[PlyCount "57"]
[EventDate "2001.10.06"]
[EventType "team"]
[EventRounds "15"]
[EventCountry "GER"]
[SourceTitle "Bundesliga 0102"]
[Source "DeepChess"]
[SourceDate "2005.01.01"]
[SourceVersion "1"]
[SourceVersionDate "2005.01.01"]
[SourceQuality "1"]
[WhiteTeam "SAbt SV Werder Bremen"]
[BlackTeam "SGEM Heiligenhaus 1937 e. V."]
[WhiteTeamCountry "GER"]
[BlackTeamCountry "GER"]

1. e4 g6 2. d4 Bg7 3. Nc3 c6 4. Nf3 d5 5. h3 Nh6 6. Bd3 f6 7. O-O O-O 8. Re1
Nf7 9. b3 Re8 10. Bb2 a6 11. Bf1 b5 12. Qd2 Bb7 13. Rad1 Nd7 14. a3 e6 15. h4
Qc7 16. h5 gxh5 17. Nh4 dxe4 18. Nxe4 f5 19. Ng3 Bh6 20. Qc3 Qf4 21. Nf3 h4 22.
Ne2 Qg4 23. Nh2 Qg6 24. Bc1 Nf6 25. Qh3 Bxc1 26. Rxc1 Qh6 27. c4 bxc4 28. bxc4
c5 29. d5 1/2-1/2

[Event "Bundesliga 0102"]
[Site "Deutschland"]
[Date "2002.02.05"]
[Round "7.2"]
[White "Solleveld, Maarten"]
[Black "Babula, Vlastimil"]
[Result "0-1"]
[WhiteElo "2427"]
[BlackElo "2566"]
[PlyCount "64"]
[EventDate "2001.10.06"]
[EventType "team"]
[EventRounds "15"]
[EventCountry "GER"]
[SourceTitle "Bundesliga 0102"]
[Source "DeepChess"]
[SourceDate "2005.01.01"]
[SourceVersion "1"]
[SourceVersionDate "2005.01.01"]
[SourceQuality "1"]
[WhiteTeam "SGEM Heiligenhaus 1937 e. V."]
[BlackTeam "SAbt SV Werder Bremen"]
[WhiteTeamCountry "GER"]
[BlackTeamCountry "GER"]

1. e4 c5 2. Nf3 d6 3. d4 cxd4 4. Nxd4 Nf6 5. Nc3 a6 6. f4 e6 7. Bd3 b5 8. e5
dxe5 9. fxe5 Nd5 10. Qg4 h5 11. Qg3 h4 12. Qg4 h3 13. g3 Nxc3 14. bxc3 Bb7 15.
Rf1 Bd5 16. a4 Qc7 17. Kd1 Nd7 18. axb5 Nxe5 19. Qe2 Nxd3 20. Qxd3 Bc4 21. Qf3
Rd8 22. b6 Qd7 23. Rf2 e5 24. Qe3 Qe6 25. b7 exd4 26. Qxe6+ fxe6 27. Bf4 dxc3+
28. Ke1 Bc5 29. Rb1 Bb5 30. Rf3 O-O 31. Rxc3 Bd4 32. Rc7 e5 0-1

[Event "Bundesliga 0102"]
[Site "Deutschland"]
[Date "2002.02.03"]
[Round "7.4"]
[White "Berkvens, Joost"]
[Black "Knaak, Rainer"]
[Result "1-0"]
[WhiteElo "2444"]
[BlackElo "2494"]
[PlyCount "53"]
[EventDate "2001.10.06"]
[EventType "team"]
[EventRounds "15"]
[EventCountry "GER"]
[SourceTitle "Bundesliga 0102"]
[Source "DeepChess"]
[SourceDate "2005.01.01"]
[SourceVersion "1"]
[SourceVersionDate "2005.01.01"]
[SourceQuality "1"]
[WhiteTeam "SGEM Heiligenhaus 1937 e. V."]
[BlackTeam "SAbt SV Werder Bremen"]
[WhiteTeamCountry "GER"]
[BlackTeamCountry "GER"]

1. d4 d5 2. c4 c6 3. Nf3 Nf6 4. Nc3 dxc4 5. a4 Bf5 6. e3 e6 7. Bxc4 Bb4 8. O-O
Nbd7 9. Qe2 Bg6 10. e4 Bxc3 11. bxc3 Nxe4 12. Ba3 Qc7 13. Rfe1 O-O-O 14. Qb2
Rhe8 15. Nh4 Nb6 16. Bf1 Nf6 17. Nxg6 hxg6 18. c4 Rh8 19. g3 Rh5 20. a5 Nbd7
21. a6 b6 22. Bg2 Nb8 23. Bb4 Qd7 24. d5 e5 25. c5 Nxd5 26. cxb6 Nxb6 27. Ba5
1-0

[Event "Bundesliga 0102"]
[Site "Deutschland"]
[Date "2002.02.03"]
[Round "7.5"]
[White "Joachim, Sven"]
[Black "Schmitz, Andreas Arnold"]
[Result "1-0"]
[WhiteElo "2443"]
[BlackElo "2185"]
[PlyCount "97"]
[EventDate "2001.10.06"]
[EventType "team"]
[EventRounds "15"]
[EventCountry "GER"]
[SourceTitle "Bundesliga 0102"]
[Source "DeepChess"]
[SourceDate "2005.01.01"]
[SourceVersion "1"]
[SourceVersionDate "2005.01.01"]
[SourceQuality "1"]
[WhiteTeam "SAbt SV Werder Bremen"]
[BlackTeam "SGEM Heiligenhaus 1937 e. V."]
[WhiteTeamCountry "GER"]
[BlackTeamCountry "GER"]

1. e4 e6 2. d4 d5 3. Nc3 Bb4 4. e5 c5 5. a3 Bxc3+ 6. bxc3 Qc7 7. Qg4 f5 8. Qg3
cxd4 9. cxd4 Qxc2 10. Bd2 Qe4+ 11. Ne2 Qg4 12. Qc3 Nc6 13. Nf4 Qh4 14. Bb5 Qd8
15. Bxc6+ bxc6 16. Qxc6+ Bd7 17. Qb7 Ne7 18. O-O Ng6 19. Rfc1 Nxf4 20. Bxf4 O-O
21. Rc7 Rf7 22. Bg5 Qe8 23. Rac1 a5 24. h3 a4 25. Bd2 h6 26. Bb4 Rb8 27. Qa6
Bb5 28. Qa7 Rc8 29. Rxc8 Rxa7 30. Rxe8+ Bxe8 31. Rc8 Kf7 32. f4 g6 33. Kf2 Rb7
34. g4 Bd7 35. Rf8+ Kg7 36. Rd8 fxg4 37. hxg4 h5 38. Kg3 Bb5 39. gxh5 gxh5 40.
f5 exf5 41. Rxd5 Kf7 42. Rd6 Ke8 43. Rh6 Bd3 44. e6 Rxb4 45. axb4 a3 46. Rh8+
Ke7 47. Ra8 Kxe6 48. Rxa3 Bc4 49. Ra5 1-0

[Event "Bundesliga 0102"]
[Site "Deutschland"]
[Date "2002.02.03"]
[Round "7.6"]
[White "Lindner, Arnd"]
[Black "Meins, Gerlef"]
[Result "0-1"]
[WhiteElo "2120"]
[BlackElo "2415"]
[PlyCount "92"]
[EventDate "2001.10.06"]
[EventType "team"]
[EventRounds "15"]
[EventCountry "GER"]
[SourceTitle "Bundesliga 0102"]
[Source "DeepChess"]
[SourceDate "2005.01.01"]
[SourceVersion "1"]
[SourceVersionDate "2005.01.01"]
[SourceQuality "1"]
[WhiteTeam "SGEM Heiligenhaus 1937 e. V."]
[BlackTeam "SAbt SV Werder Bremen"]
[WhiteTeamCountry "GER"]
[BlackTeamCountry "GER"]

1. Nf3 d5 2. d4 Nf6 3. c4 dxc4 4. e3 Bg4 5. Bxc4 e6 6. O-O Nbd7 7. Nc3 Bd6 8.
e4 e5 9. d5 a6 10. Be2 Bxf3 11. Bxf3 O-O 12. Bg5 h6 13. Bh4 Be7 14. Rc1 Ne8 15.
Bxe7 Qxe7 16. Qb3 Nd6 17. Nd1 Nf6 18. Qc2 Rac8 19. a4 c6 20. dxc6 Rxc6 21. Nc3
Rfc8 22. Rcd1 Rc4 23. Rfe1 Rd4 24. Qb1 Rcc4 25. Rxd4 Rxd4 26. Qa2 Qc7 27. h3
Rd2 28. Re2 Rxe2 29. Bxe2 Ndxe4 30. Nxe4 Nxe4 31. Qc4 Qxc4 32. Bxc4 a5 33. f3
Nd6 34. Bd5 g5 35. Kf2 Kg7 36. Ke3 b6 37. b3 f5 38. g3 Kf6 39. f4 Ne8 40. Bc6
Nc7 41. Bf3 exf4+ 42. gxf4 Ne6 43. fxg5+ hxg5 44. Be2 Nf4 45. Bf1 Ke5 46. Kf3
Nxh3 0-1

[Event "Bundesliga 0102"]
[Site "Deutschland"]
[Date "2002.02.03"]
[Round "7.7"]
[White "Heissler, Jakob"]
[Black "Heller, Achim"]
[Result "1-0"]
[WhiteElo "2437"]
[BlackElo "2027"]
[PlyCount "49"]
[EventDate "2001.10.06"]
[EventType "team"]
[EventRounds "15"]
[EventCountry "GER"]
[SourceTitle "Bundesliga 0102"]
[Source "DeepChess"]
[SourceDate "2005.01.01"]
[SourceVersion "1"]
[SourceVersionDate "2005.01.01"]
[SourceQuality "1"]
[WhiteTeam "SAbt SV Werder Bremen"]
[BlackTeam "SGEM Heiligenhaus 1937 e. V."]
[WhiteTeamCountry "GER"]
[BlackTeamCountry "GER"]

1. e4 c6 2. d3 d5 3. Nd2 e5 4. Ngf3 Nd7 5. g3 Ngf6 6. Bg2 dxe4 7. dxe4 Qc7 8.
O-O Be7 9. b3 O-O 10. Bb2 Re8 11. c4 Bc5 12. Qc2 Nf8 13. Qc3 Qb6 14. Nxe5 Ne6
15. Rae1 Ng5 16. Nd3 Nh3+ 17. Kh1 Rd8 18. Nxc5 Qxc5 19. Re2 Qh5 20. f3 Qh6 21.
e5 Nh5 22. Ne4 Bf5 23. Bc1 Ng5 24. Bxg5 Nxg3+ 25. Nxg3 1-0

[Event "Bundesliga 0102"]
[Site "Deutschland"]
[Date "2002.02.03"]
[Round "7.1"]
[White "Lamprecht, Frank"]
[Black "Piket, Jeroen"]
[Result "1/2-1/2"]
[WhiteElo "2399"]
[BlackElo "2630"]
[PlyCount "97"]
[EventDate "2001.10.06"]
[EventType "team"]
[EventRounds "15"]
[EventCountry "GER"]
[SourceTitle "Bundesliga 0102"]
[Source "DeepChess"]
[SourceDate "2005.01.01"]
[SourceVersion "1"]
[SourceVersionDate "2005.01.01"]
[SourceQuality "1"]
[WhiteTeam "SC Koenigsspringer 1984 Hamburg"]
[BlackTeam "SG 1868 Aljech. Solingen"]
[WhiteTeamCountry "GER"]
[BlackTeamCountry "GER"]

1. d4 Nf6 2. Nf3 e6 3. c4 d5 4. Nc3 dxc4 5. e4 Bb4 6. Bg5 c5 7. Bxc4 cxd4 8.
Nxd4 Bxc3+ 9. bxc3 Qa5 10. Bxf6 Qxc3+ 11. Qd2 Qxd2+ 12. Kxd2 gxf6 13. Nb5 Na6
14. Nd6+ Ke7 15. Nxc8+ Raxc8 16. Bxa6 bxa6 17. Rhc1 Rhd8+ 18. Ke3 Rb8 19. Rc7+
Rd7 20. Rac1 Rb4 21. R7c4 a5 22. R1c2 e5 23. f3 Rxc4 24. Rxc4 Rb7 25. Rc5 Rb2
26. a4 Rxg2 27. h4 Rh2 28. Rxa5 Rxh4 29. Rxa7+ Kf8 30. Kf2 Kg7 31. a5 f5 32.
exf5 Ra4 33. Kg3 Kf6 34. Ra6+ Kg7 35. Ra7 h5 36. Ra6 h4+ 37. Kh3 Rf4 38. Kg2
Rxf5 39. Rb6 Rg5+ 40. Kh2 Rg3 41. Rb3 e4 42. a6 exf3 43. a7 Rg2+ 44. Kh3 Ra2
45. Rxf3 Rxa7 46. Kxh4 Ra6 47. Rg3+ Rg6 48. Rxg6+ Kxg6 49. Kg4 1/2-1/2

[Event "Bundesliga 0102"]
[Site "Deutschland"]
[Date "2002.02.03"]
[Round "7.3"]
[White "Hochgraefe, Markus"]
[Black "Lobron, Eric"]
[Result "0-1"]
[WhiteElo "2334"]
[BlackElo "2524"]
[PlyCount "92"]
[EventDate "2001.10.06"]
[EventType "team"]
[EventRounds "15"]
[EventCountry "GER"]
[SourceTitle "Bundesliga 0102"]
[Source "DeepChess"]
[SourceDate "2005.01.01"]
[SourceVersion "1"]
[SourceVersionDate "2005.01.01"]
[SourceQuality "1"]
[WhiteTeam "SC Koenigsspringer 1984 Hamburg"]
[BlackTeam "SG 1868 Aljech. Solingen"]
[WhiteTeamCountry "GER"]
[BlackTeamCountry "GER"]

1. Nf3 d5 2. d4 c6 3. c4 e6 4. e3 f5 5. Bd3 Nf6 6. O-O Bd6 7. b3 Qe7 8. a4 O-O
9. Ba3 Bxa3 10. Nxa3 a5 11. Qc1 Ne4 12. Ne5 Nd7 13. f4 Nxe5 14. fxe5 Bd7 15.
Bxe4 fxe4 16. c5 Rxf1+ 17. Qxf1 b6 18. Qc1 Rb8 19. Rb1 Be8 20. Qc3 Bh5 21. Nc2
Qa7 22. b4 Be2 23. b5 Rc8 24. cxb6 Qxb6 25. Qc5 Rb8 26. Na3 cxb5 27. axb5 Bd3
28. Rb2 h5 29. h3 Kh7 30. Kh2 h4 31. Qe7 Qd8 32. Qxe6 Qg5 33. Qg4 Qxe3 34.
Qxh4+ Kg8 35. Qf2 Qc1 36. Qd2 Qa1 37. Ra2 Qxd4 38. Qg5 Re8 39. b6 Qxb6 40. Nc2
Qc7 41. Ne3 Bc4 42. Rc2 Qxe5+ 43. Qxe5 Rxe5 44. Nxc4 dxc4 45. Kg1 Rc5 46. Kf2
c3 0-1

[Event "Bundesliga 0102"]
[Site "Deutschland"]
[Date "2002.02.03"]
[Round "7.4"]
[White "Emms, John M"]
[Black "Trisic, Alexandar"]
[Result "1-0"]
[WhiteElo "2532"]
[BlackElo "2316"]
[PlyCount "81"]
[EventDate "2001.10.06"]
[EventType "team"]
[EventRounds "15"]
[EventCountry "GER"]
[SourceTitle "Bundesliga 0102"]
[Source "DeepChess"]
[SourceDate "2005.01.01"]
[SourceVersion "1"]
[SourceVersionDate "2005.01.01"]
[SourceQuality "1"]
[WhiteTeam "SG 1868 Aljech. Solingen"]
[BlackTeam "SC Koenigsspringer 1984 Hamburg"]
[WhiteTeamCountry "GER"]
[BlackTeamCountry "GER"]

1. e4 c5 2. Nf3 d6 3. d4 cxd4 4. Nxd4 Nf6 5. Nc3 a6 6. Bc4 e6 7. a4 Nc6 8. Be3
Be7 9. O-O O-O 10. Kh1 Qc7 11. Qe2 Bd7 12. Rad1 Rac8 13. Bb3 Na5 14. Ba2 Nc4
15. Bc1 Qc5 16. f4 b5 17. e5 Ne8 18. axb5 axb5 19. Ne4 Qa7 20. Bxc4 Rxc4 21.
Be3 Qb7 22. b3 Rc8 23. Qf3 d5 24. Nf2 Bc5 25. Nd3 Bb6 26. Qf2 f6 27. Qd2 fxe5
28. fxe5 Nc7 29. b4 Na6 30. c3 Nb8 31. Rc1 Rce8 32. Nb3 Bxe3 33. Qxe3 Qc8 34.
Ndc5 Nc6 35. Nd4 Qc7 36. Rxf8+ Kxf8 37. Nxb5 Qd8 38. Nd6 Re7 39. Kg1 Kg8 40.
Ra1 Be8 41. Nb3 1-0

[Event "Bundesliga 0102"]
[Site "Deutschland"]
[Date "2002.02.03"]
[Round "7.5"]
[White "Voigt, Martin"]
[Black "Chandler, Murray G"]
[Result "1/2-1/2"]
[WhiteElo "2300"]
[BlackElo "2540"]
[PlyCount "69"]
[EventDate "2001.10.06"]
[EventType "team"]
[EventRounds "15"]
[EventCountry "GER"]
[SourceTitle "Bundesliga 0102"]
[Source "DeepChess"]
[SourceDate "2005.01.01"]
[SourceVersion "1"]
[SourceVersionDate "2005.01.01"]
[SourceQuality "1"]
[WhiteTeam "SC Koenigsspringer 1984 Hamburg"]
[BlackTeam "SG 1868 Aljech. Solingen"]
[WhiteTeamCountry "GER"]
[BlackTeamCountry "GER"]

1. e4 e5 2. d4 exd4 3. c3 d5 4. exd5 Qxd5 5. cxd4 Nc6 6. Nf3 Bg4 7. Nc3 Bb4 8.
a3 Bxf3 9. axb4 Qe6+ 10. Be2 Bxe2 11. Nxe2 Nf6 12. O-O O-O 13. b5 Nb4 14. Re1
Rfe8 15. Bd2 Nbd5 16. Nc3 Qb6 17. Qa4 Rxe1+ 18. Rxe1 h6 19. Re5 Qd6 20. Qa3 Qd7
21. h3 c6 22. Qc5 a6 23. bxc6 bxc6 24. Na4 Qb7 25. Qc2 Qb5 26. Nc5 Re8 27. b3
Rxe5 28. dxe5 Ne8 29. e6 Nef6 30. exf7+ Kxf7 31. Nd3 Kg8 32. Ne5 Qe2 33. Qf5
Qxd2 34. Qc8+ Kh7 35. Qf5+ 1/2-1/2

[Event "Bundesliga 0102"]
[Site "Deutschland"]
[Date "2002.02.03"]
[Round "7.6"]
[White "Rowson, Jonathan"]
[Black "Von Buelow, Georg"]
[Result "1/2-1/2"]
[WhiteElo "2514"]
[BlackElo "2298"]
[PlyCount "67"]
[EventDate "2001.10.06"]
[EventType "team"]
[EventRounds "15"]
[EventCountry "GER"]
[SourceTitle "Bundesliga 0102"]
[Source "DeepChess"]
[SourceDate "2005.01.01"]
[SourceVersion "1"]
[SourceVersionDate "2005.01.01"]
[SourceQuality "1"]
[WhiteTeam "SG 1868 Aljech. Solingen"]
[BlackTeam "SC Koenigsspringer 1984 Hamburg"]
[WhiteTeamCountry "GER"]
[BlackTeamCountry "GER"]

1. d4 d5 2. c4 Nc6 3. cxd5 Qxd5 4. e3 e5 5. Nc3 Bb4 6. Bd2 Bxc3 7. Bxc3 exd4 8.
Ne2 Nge7 9. Nxd4 Nxd4 10. Qxd4 f6 11. Bc4 Qxd4 12. Bxd4 Nf5 13. O-O-O Bd7 14.
Bc3 O-O-O 15. Bb3 Nd6 16. f3 Rhe8 17. Rhe1 Be6 18. Bc2 h6 19. b3 c5 20. Bb2 Kc7
21. Re2 Nf7 22. Rxd8 Rxd8 23. Rd2 Rxd2 24. Kxd2 a5 25. f4 a4 26. e4 axb3 27.
Bxb3 Bxb3 28. axb3 Kd7 29. g4 Ke7 30. Kd3 b5 31. h3 g5 32. f5 Ne5+ 33. Bxe5
fxe5 34. Kc3 1/2-1/2

[Event "Bundesliga 0102"]
[Site "Deutschland"]
[Date "2002.02.03"]
[Round "7.7"]
[White "Berger, Steve"]
[Black "Naumann, Alexander"]
[Result "0-1"]
[WhiteElo "2311"]
[BlackElo "2480"]
[PlyCount "64"]
[EventDate "2001.10.06"]
[EventType "team"]
[EventRounds "15"]
[EventCountry "GER"]
[SourceTitle "Bundesliga 0102"]
[Source "DeepChess"]
[SourceDate "2005.01.01"]
[SourceVersion "1"]
[SourceVersionDate "2005.01.01"]
[SourceQuality "1"]
[WhiteTeam "SC Koenigsspringer 1984 Hamburg"]
[BlackTeam "SG 1868 Aljech. Solingen"]
[WhiteTeamCountry "GER"]
[BlackTeamCountry "GER"]

1. e4 c6 2. Nc3 d5 3. d4 dxe4 4. Bc4 Nf6 5. f3 b5 6. Bb3 e6 7. Bg5 Be7 8. fxe4
b4 9. Bxf6 gxf6 10. Nce2 a5 11. d5 a4 12. Bc4 cxd5 13. exd5 Ba6 14. Bxa6 Rxa6
15. Nf4 O-O 16. Qg4+ Kh8 17. dxe6 Rg8 18. Qe2 fxe6 19. Rd1 Rd6 20. Rxd6 Qxd6
21. Ngh3 e5 22. Nd3 Nc6 23. O-O Nd4 24. Qe4 Qc6 25. Qxc6 Nxc6 26. c3 bxc3 27.
bxc3 e4 28. Nb2 Ne5 29. Rf4 a3 30. Nd1 Rd8 31. Nhf2 Bc5 32. Kf1 e3 0-1

[Event "Bundesliga 0102"]
[Site "Deutschland"]
[Date "2002.02.03"]
[Round "7.8"]
[White "Schaefer, Markus"]
[Black "Wendt, Jan Dietrich"]
[Result "1/2-1/2"]
[WhiteElo "2403"]
[BlackElo "2285"]
[PlyCount "66"]
[EventDate "2001.10.06"]
[EventType "team"]
[EventRounds "15"]
[EventCountry "GER"]
[SourceTitle "Bundesliga 0102"]
[Source "DeepChess"]
[SourceDate "2005.01.01"]
[SourceVersion "1"]
[SourceVersionDate "2005.01.01"]
[SourceQuality "1"]
[WhiteTeam "SG 1868 Aljech. Solingen"]
[BlackTeam "SC Koenigsspringer 1984 Hamburg"]
[WhiteTeamCountry "GER"]
[BlackTeamCountry "GER"]

1. e4 c5 2. Nf3 Nc6 3. d4 cxd4 4. Nxd4 g6 5. c4 Bg7 6. Be3 Nf6 7. Nc3 d6 8. Be2
O-O 9. O-O Bd7 10. Rc1 Nxd4 11. Bxd4 Bc6 12. f3 a5 13. Qd2 a4 14. Rfd1 Nd7 15.
Be3 Qa5 16. Qc2 Rfc8 17. Kh1 h5 18. Bf1 Kh7 19. Ne2 Bh6 20. Bxh6 Kxh6 21. Nd4
Kh7 22. Qf2 Qb6 23. Qd2 Nc5 24. Rb1 Rd8 25. Re1 e5 26. Nc2 Ne6 27. Qe3 Qc5 28.
Kg1 Kg7 29. Qf2 f5 30. exf5 gxf5 31. Qxc5 Nxc5 32. Kf2 Kf6 33. Rbd1 d5 1/2-1/2

[Event "Bundesliga 0102"]
[Site "Deutschland"]
[Date "2002.02.02"]
[Round "7.1"]
[White "Movsesian, Sergei"]
[Black "Beliavsky, Alexander G"]
[Result "1/2-1/2"]
[WhiteElo "2627"]
[BlackElo "2659"]
[PlyCount "58"]
[EventDate "2001.10.06"]
[EventType "team"]
[EventRounds "15"]
[EventCountry "GER"]
[SourceTitle "Bundesliga 0102"]
[Source "DeepChess"]
[SourceDate "2005.01.01"]
[SourceVersion "1"]
[SourceVersionDate "2005.01.01"]
[SourceQuality "1"]
[WhiteTeam "SF Neukoelln 03 e.V."]
[BlackTeam "SK Koenig Plauen"]
[WhiteTeamCountry "GER"]
[BlackTeamCountry "GER"]

1. e4 e5 2. Nf3 Nc6 3. Bb5 a6 4. Bxc6 dxc6 5. O-O f6 6. d4 Bg4 7. c3 Bd6 8. Be3
Qe7 9. Nbd2 O-O-O 10. Rb1 f5 11. Bg5 Nf6 12. dxe5 Bxe5 13. h3 fxe4 14. hxg4
exf3 15. Qxf3 Rd5 16. Rfe1 h5 17. gxh5 Qd7 18. Bxf6 Bxf6 19. Ne4 Rdxh5 20. Ng3
Rd5 21. Rbd1 Kb8 22. Nh5 Qd6 23. Rxd5 cxd5 24. g3 d4 25. Nxf6 gxf6 26. cxd4
Qxd4 27. b3 Qd2 28. Rd1 Qh6 29. Rd4 Qh2+ 1/2-1/2

[Event "Bundesliga 0102"]
[Site "Deutschland"]
[Date "2002.02.02"]
[Round "7.2"]
[White "Bischoff, Klaus"]
[Black "Stohl, Igor"]
[Result "1/2-1/2"]
[WhiteElo "2541"]
[BlackElo "2533"]
[PlyCount "131"]
[EventDate "2001.10.06"]
[EventType "team"]
[EventRounds "15"]
[EventCountry "GER"]
[SourceTitle "Bundesliga 0102"]
[Source "DeepChess"]
[SourceDate "2005.01.01"]
[SourceVersion "1"]
[SourceVersionDate "2005.01.01"]
[SourceQuality "1"]
[WhiteTeam "SK Koenig Plauen"]
[BlackTeam "SF Neukoelln 03 e.V."]
[WhiteTeamCountry "GER"]
[BlackTeamCountry "GER"]

1. Nf3 Nf6 2. c4 b6 3. Nc3 Bb7 4. d4 e6 5. a3 d5 6. Bg5 dxc4 7. e3 Be7 8. Bxc4
Nbd7 9. O-O O-O 10. Qe2 h6 11. Bf4 Bd6 12. Rad1 Qe7 13. Bxd6 cxd6 14. Ba6 Bxa6
15. Qxa6 Rfc8 16. e4 Ne8 17. Rc1 Nc7 18. Qd3 Nf6 19. Rc2 Qd7 20. Rfc1 Nce8 21.
Nd2 Rc7 22. Nf1 Rac8 23. Ne3 Kh8 24. f3 Ng8 25. d5 Ne7 26. dxe6 fxe6 27. Rd1
Ng6 28. Rcd2 Ne5 29. Qe2 Nc4 30. Nxc4 Rxc4 31. Qf2 b5 32. h3 b4 33. axb4 Rxb4
34. Ra1 Rb7 35. Rd4 Rc6 36. Rda4 Rcb6 37. Nd1 Nf6 38. R1a3 Qc7 39. Rc3 Qd8 40.
Qc2 Qd7 41. Rc8+ Ne8 42. Rac4 Rb8 43. Rxb8 Rxb8 44. Nf2 Qb7 45. Nd3 Kg8 46. Qa4
Nf6 47. Rc6 Qd7 48. Qc2 a5 49. Kh2 e5 50. Ra6 Rb5 51. Qa4 d5 52. Rxa5 Rxa5 53.
Qxa5 dxe4 54. Nxe5 Qd6 55. Qa8+ Kh7 56. Qa5 Nd5 57. f4 Nxf4 58. Nc4 Qg6 59. Qd2
Nd3 60. Qe3 Qc6 61. Qd4 Qc7+ 62. g3 Qc6 63. Nd2 Qc2 64. Qxe4+ Kh8 65. Qe8+ Kh7
66. Qe4+ 1/2-1/2

[Event "Bundesliga 0102"]
[Site "Deutschland"]
[Date "2002.02.03"]
[Round "7.3"]
[White "Berndt, Stephan"]
[Black "Gdanski, Jacek"]
[Result "1-0"]
[WhiteElo "2479"]
[BlackElo "2537"]
[PlyCount "52"]
[EventDate "2001.10.06"]
[EventType "team"]
[EventRounds "15"]
[EventCountry "GER"]
[SourceTitle "Bundesliga 0102"]
[Source "DeepChess"]
[SourceDate "2005.01.01"]
[SourceVersion "1"]
[SourceVersionDate "2005.01.01"]
[SourceQuality "1"]
[WhiteTeam "SF Neukoelln 03 e.V."]
[BlackTeam "SK Koenig Plauen"]
[WhiteTeamCountry "GER"]
[BlackTeamCountry "GER"]

1. e4 e6 2. d4 d5 3. Nc3 Bb4 4. e5 Ne7 5. a3 Bxc3+ 6. bxc3 c5 7. Nf3 b6 8. Bb5+
Bd7 9. Bd3 Nbc6 10. a4 Qc7 11. O-O h6 12. Ba3 Na5 13. Nd2 O-O 14. dxc5 bxc5 15.
Nb3 Nxb3 16. cxb3 Rfc8 17. Re1 Ng6 18. Bc1 Rab8 19. Bc2 a5 20. Qh5 Be8 21. Ba3
Rb6 22. Qe2 Qb7 23. Rab1 Qb8 24. Qe3 Qc7 25. Rbd1 Rb7 26. Qg3 Rcb8 1-0

[Event "Bundesliga 0102"]
[Site "Deutschland"]
[Date "2002.02.03"]
[Round "7.4"]
[White "Boensch, Uwe"]
[Black "Brynell, Stellan"]
[Result "1-0"]
[WhiteElo "2542"]
[BlackElo "2486"]
[PlyCount "87"]
[EventDate "2001.10.06"]
[EventType "team"]
[EventRounds "15"]
[EventCountry "GER"]
[SourceTitle "Bundesliga 0102"]
[Source "DeepChess"]
[SourceDate "2005.01.01"]
[SourceVersion "1"]
[SourceVersionDate "2005.01.01"]
[SourceQuality "1"]
[WhiteTeam "SK Koenig Plauen"]
[BlackTeam "SF Neukoelln 03 e.V."]
[WhiteTeamCountry "GER"]
[BlackTeamCountry "GER"]

1. d4 e6 2. c4 Nf6 3. Nf3 b6 4. g3 Ba6 5. Nbd2 Bb7 6. Bg2 c5 7. O-O cxd4 8.
Nxd4 Bxg2 9. Kxg2 Qc8 10. e4 Nc6 11. N4f3 d6 12. b4 Be7 13. Bb2 O-O 14. b5 Na5
15. Qe2 Nd7 16. Rac1 Bf6 17. Bxf6 Nxf6 18. e5 dxe5 19. Nxe5 Qc5 20. Rfd1 h6 21.
Ndf3 Rfd8 22. Rd3 Rxd3 23. Nxd3 Qe7 24. c5 bxc5 25. Rxc5 Nb7 26. Rc2 Nd6 27.
Nde5 Qb7 28. a4 Nd5 29. Rc6 Nf5 30. Nc4 Nde7 31. Na5 Qd7 32. Rc4 Nd5 33. Nc6 a6
34. bxa6 Nb6 35. Rc2 Qd5 36. a5 Nd7 37. a7 Nf6 38. Qc4 Qd6 39. Qc5 Qd3 40. Rb2
Ne4 41. Qc2 Qd5 42. Rb8+ Kh7 43. Rxa8 Ng5 44. Rh8+ 1-0

[Event "Bundesliga 0102"]
[Site "Deutschland"]
[Date "2002.02.03"]
[Round "7.5"]
[White "Borriss, Martin"]
[Black "Kindermann, Stefan"]
[Result "1/2-1/2"]
[WhiteElo "2445"]
[BlackElo "2520"]
[PlyCount "79"]
[EventDate "2001.10.06"]
[EventType "team"]
[EventRounds "15"]
[EventCountry "GER"]
[SourceTitle "Bundesliga 0102"]
[Source "DeepChess"]
[SourceDate "2005.01.01"]
[SourceVersion "1"]
[SourceVersionDate "2005.01.01"]
[SourceQuality "1"]
[WhiteTeam "SF Neukoelln 03 e.V."]
[BlackTeam "SK Koenig Plauen"]
[WhiteTeamCountry "GER"]
[BlackTeamCountry "GER"]

1. e4 e6 2. d4 d5 3. Nc3 Bb4 4. e5 c5 5. a3 Bxc3+ 6. bxc3 Ne7 7. Nf3 Qc7 8. a4
h6 9. Bd3 b6 10. O-O Ba6 11. Nh4 Bxd3 12. cxd3 O-O 13. Qg4 Kh7 14. dxc5 Qxe5
15. cxb6 axb6 16. Rb1 Nd7 17. Nf3 Qf5 18. Qg3 e5 19. Rb4 Ng6 20. Nh4 Nxh4 21.
Rxh4 Rfc8 22. Rg4 g6 23. Bd2 Nc5 24. Rh4 h5 25. Qe3 Rxa4 26. d4 Ne4 27. g4 Qf6
28. Rh3 exd4 29. cxd4 Nxd2 30. gxh5 Nxf1 31. hxg6+ Kg8 32. gxf7+ Kf8 33. Kxf1
Rxd4 34. Qa3+ Rc5 35. Qa8+ Kxf7 36. Rh7+ Ke6 37. Qe8+ Kf5 38. Qh5+ Ke6 39. Qe8+
Kf5 40. Qh5+ 1/2-1/2